03284 2201417 4500001002100000005001500021035002000036007000300056008004100059020002200100082000800122084001400130100001400144245008700158250000600245260003100251300004300282650001100325700001600336856001400352990001500366990001500381990001500396990001500411990001500426990001500441990001500456990001500471990001500486990001500501990001500516990001500531990001500546990001500561990001500576990001500591990001500606990001500621990001500636990001500651990001500666990001500681990001500696990001500711990001500726990001500741990001500756990001500771990001500786990001500801990001500816990001500831990001500846990001500861990001500876990001500891990001500906990001500921990001500936990001500951990001500966990001500981990001500996990001501011990001501026990001501041990001501056990001501071990001501086990001501101990001501116990001501131990001501146990001501161990001501176990001501191990001501206990001501221990001501236990001501251990001501266990001501281990001501296990001501311990001501326990001501341990001501356990001501371990001501386990001501401990001501416990001501431990001501446990001501461990001501476990001501491990001501506990001501521990001501536990001501551990001501566990001501581990001501596990001501611990001501626990001501641990001501656990001501671990001501686990001501701990001501716990001501731990001501746990001501761990001501776990001501791990001501806990001501821990001501836990001501851INLIS00000000000207120251110094859 a0010-0725000006ta251110 0 ind  a978-623-522-294-3 a420 a420 SUD p0 aSudarwati1 aPathway To English For SMA/MA Grade XI Phase F ed rev /cSudarwati dan Eudia Grace a- aJakarta :bErlangga,c2025 a208 hlm :bIlust ;c17,6 cm x 25 cme- 4aBahasa0 aEudia Grace a420 SUD p aKumer13047 aKumer13048 aKumer13049 aKumer13050 aKumer13051 aKumer13052 aKumer13053 aKumer13054 aKumer13055 aKumer13056 aKumer13057 aKumer13058 aKumer13059 aKumer13060 aKumer13061 aKumer13062 aKumer13063 aKumer13064 aKumer13065 aKumer13066 aKumer13067 aKumer13068 aKumer13069 aKumer13070 aKumer13071 aKumer13072 aKumer13073 aKumer13074 aKumer13075 aKumer13076 aKumer13077 aKumer13078 aKumer13079 aKumer13080 aKumer13081 aKumer13082 aKumer13083 aKumer13084 aKumer13085 aKumer13086 aKumer13087 aKumer13088 aKumer13089 aKumer13090 aKumer13091 aKumer13092 aKumer13093 aKumer13094 aKumer13095 aKumer13096 aKumer13097 aKumer13098 aKumer13099 aKumer13100 aKumer13101 aKumer13102 aKumer13103 aKumer13104 aKumer13105 aKumer13106 aKumer13107 aKumer13108 aKumer13109 aKumer13110 aKumer13111 aKumer13112 aKumer13113 aKumer13114 aKumer13115 aKumer13116 aKumer13117 aKumer13118 aKumer13119 aKumer13120 aKumer13121 aKumer13122 aKumer13123 aKumer13124 aKumer13125 aKumer13126 aKumer13127 aKumer13128 aKumer13129 aKumer13130 aKumer13131 aKumer13132 aKumer13133 aKumer13134 aKumer13135 aKumer13136 aKumer13137 aKumer13138 aKumer13139 aKumer13140 aKumer13141 aKumer13142 aKumer13143 aKumer13144 aKumer13145 aKumer13146